| 000 | 00458nam a22001577a 4500 | ||
|---|---|---|---|
| 005 | 20260226093402.0 | ||
| 008 | 260226b |||||||| |||| 00| 0 eng d | ||
| 020 | _a9780367457617 (hbk) | ||
| 040 | _cPK-LaUMT | ||
| 082 |
_a363.32501 _bTHE- |
||
| 245 |
_aTheories of terrorism : _bcontemporary perspectives / _cedited by Murat Haner and Melissa M. Sloan |
||
| 260 |
_aNew York : _bRoutledge, _c2022 |
||
| 300 | _a383 p. | ||
| 650 | _aTerrorism | ||
| 942 | _cBK | ||
| 999 |
_c139909 _d139909 |
||